All Core Skylanders from Giants - Statistics

General Stats
  • This quiz has been taken 28 times
  • The average score is 12 of 22
Answer Stats
Hint Answer % Correct
Water Chill
94%
Life Shroomboom
94%
Earth Flashwing
89%
Fire Hot Dog
83%
Earth (Variant) Jade Flashwing
78%
Magic Pop Fizz
78%
Water (Variant) Legendary Chill
72%
Life Lightcore Shroomboom
67%
Undead Fright Rider
61%
Water Lightcore Chill
61%
Magic (Variant) Punch Pop Fizz
61%
Tech Sprocket
61%
Air Jet Vac
56%
Fire (Variant) Molten Hot Dog
50%
Air (Variant) Legendary Jet Vac
39%
Magic Lightcore Pop Fizz
39%
Air Lightcore Jet Vac
33%
Life (Chase variant) Metallic Green Shroomboom
33%
Undead (Chase Variant) Glow in the Dark Fright Rider
22%
Fire (Chase Variant) E3 Hot Dog
17%
Undead (Chase Variant) Halloween Fright Rider
17%
Tech (Chase Variant) Sparkle Sprocket
6%
No matching quizzes found
Score Distribution
Percent of People with Each Score
Percentile by Number Answered
Your Score History
You have not taken this quiz